Т. 1; Органическая химия

Bibliografski detalji
Parent link:Органическая химия: учебное пособие для вузов/ В. Ф. Травень. Т. 1.— 5-е изд..— , 2016.— 978-5-00101-022-7
Sažetak:Первое издание учебника "Органическая химия", изданного в 2004 году, получило заслуженное признание среди студентов и преподавателей. Вместе с тем, переход на двухуровневую систему высшего образования предъявляет новые требования к содержанию учебников, что явилось причиной существенной переработки книги. В настоящем, пятом издании, учебный материал систематизирован с учетом степени глубины изучения предмета: для начального освоения дисциплины в основных разделах излагаются фундаментальные сведения, а специализирующимся в области органической химии и продолжающим обучение после получения степени бакалавра адресованы разделы "Для углубленного изучения". Пятое издание учебника подготовлено в комплекте с задачником (В. Ф.Т равень, А. Ю. Сухорукое, Н. А. Кондратова "Задачи по органической химии") и практикумом (В. Ф.Т равень, А. Е. Щекотихин "Практикум по органической химии"). Данный набор учебных изданий обеспечивает двухуровневое изложение учебного материала и в настоящее время не имеет аналогов. Для студентов, аспирантов и преподавателей химических факультетов университетов и химико-технологических вузов.
Jezik:ruski
Izdano: 2016
Teme:
Format: MixedMaterials Knjiga
KOHA link:https://koha.lib.tpu.ru/cgi-bin/koha/opac-detail.pl?biblionumber=315345

MARC

LEADER 00000nam2a2200000 4500
001 315345
005 20231102002753.0
010 |a 9785001010234 
035 |a (RuTPU)RU\TPU\book\340778 
035 |a RU\TPU\book\215362 
090 |a 315345 
100 |a 20110610d2016 m y0rusy50 ca 
101 0 |a rus 
102 |a RU 
105 |a a j 001zy 
200 0 |a Т. 1 
210 |d 2016 
215 |a 368 с.  |c ил. 
320 |a Библиогр.: с. 365-366 
330 |a Первое издание учебника "Органическая химия", изданного в 2004 году, получило заслуженное признание среди студентов и преподавателей. Вместе с тем, переход на двухуровневую систему высшего образования предъявляет новые требования к содержанию учебников, что явилось причиной существенной переработки книги. В настоящем, пятом издании, учебный материал систематизирован с учетом степени глубины изучения предмета: для начального освоения дисциплины в основных разделах излагаются фундаментальные сведения, а специализирующимся в области органической химии и продолжающим обучение после получения степени бакалавра адресованы разделы "Для углубленного изучения". Пятое издание учебника подготовлено в комплекте с задачником (В. Ф.Т равень, А. Ю. Сухорукое, Н. А. Кондратова "Задачи по органической химии") и практикумом (В. Ф.Т равень, А. Е. Щекотихин "Практикум по органической химии"). Данный набор учебных изданий обеспечивает двухуровневое изложение учебного материала и в настоящее время не имеет аналогов. Для студентов, аспирантов и преподавателей химических факультетов университетов и химико-технологических вузов. 
461 1 |0 (RuTPU)RU\TPU\book\346174  |y 978-5-00101-022-7  |t Органическая химия  |o учебное пособие для вузов  |o в 3 т.  |f В. Ф. Травень  |v Т. 1  |e 5-е изд.  |d 2016  |s Учебник для высшей школы 
606 1 |a Органическая химия  |2 stltpush  |3 (RuTPU)RU\TPU\subj\47309  |9 66362 
610 1 |a учебные пособия 
610 1 |a ковалентная связь 
610 1 |a электронные эффекты 
610 1 |a кислоты 
610 1 |a основания 
610 1 |a алканы 
610 1 |a стереоизометрия 
610 1 |a циклоалканы 
610 1 |a алкены 
610 1 |a алкины 
610 1 |a диены 
675 |a 547(075.8)  |v 3 
801 1 |a RU  |b 63413507  |c 20160229 
801 2 |a RU  |b 63413507  |c 20170906  |g RCR 
942 |c BK 
959 |a 26/20160229  |d 20  |e 400,00  |f ЧЗТЛ:1  |f УФ:19